| Tag |
First Indicator |
Second Indicator |
Subfields |
| LEADER |
00000cam a2200000 a 4500 |
| 001 |
in00001131913 |
| 005 |
20150930083227.0 |
| 008 |
920114s1992 txua b 001 0 eng |
| 010 |
|
|
|a 92004065
|
| 020 |
|
|
|a 0890795584
|
| 035 |
|
|
|a (OCoLC)25245778
|
| 035 |
|
|
|9 AFX4434AM
|
| 040 |
|
|
|a DLC
|c DLC
|d TXA
|d UtOrBLW
|
| 049 |
|
|
|a TXAM
|
| 050 |
0 |
0 |
|a RJ506.H9
|b A88 1992
|
| 082 |
0 |
0 |
|a 618.92/8589
|2 20
|
| 245 |
0 |
0 |
|a Attention deficit disorder comes of age :
|b toward the twenty-first century /
|c edited by Sally E. Shaywitz and Bennett A. Shaywitz.
|
| 264 |
|
1 |
|a Austin, Tex. :
|b PRO-ED,
|c [1992]
|
| 264 |
|
4 |
|c ©1992
|
| 300 |
|
|
|a viii, 368 pages :
|b illustrations ;
|c 23 cm.
|
| 336 |
|
|
|a text
|b txt
|2 rdacontent
|
| 337 |
|
|
|a unmediated
|b n
|2 rdamedia
|
| 338 |
|
|
|a volume
|b nc
|2 rdacarrier
|
| 504 |
|
|
|a Includes bibliographical references and indexes.
|
| 650 |
|
0 |
|a Attention-deficit hyperactivity disorder.
|
| 700 |
1 |
|
|a Shaywitz, Sally E.
|
| 700 |
1 |
|
|a Shaywitz, Bennett A.
|
| 999 |
|
|
|a MARS
|
| 999 |
f |
f |
|s 9669b06c-68ff-3963-9444-36fe2d2bf2c0
|i a9c407ca-1221-3f3c-907e-ac24af651741
|t 0
|
| 952 |
f |
f |
|p ric
|a Texas A&M University
|b Rellis Campus
|c Joint Library Facility
|d Remote Storage
|t 0
|e RJ506.H9 A88 1992
|h Library of Congress classification
|i unmediated -- volume
|m A14817416455
|
| 998 |
f |
f |
|a RJ506.H9 A88 1992
|t 0
|l Remote Storage
|